Identify the Geometric Transformation! Quiz Stats

 Plays Quiz Updated Mar 27, 2019

Score 0/20 Timer 06:00
0 Plays Today
Question Answer Wrong Answers
Tutorial #4: A _____ is a flip, followed by a slide. The direction of the slide is parallel to the axis of the flip. Glide Reflection
92.5%
Translation
2.2%
Rotation
1.8%
Reflection
1.3%
Tutorial #1: A _____ is a turn about a point. (The turn may or may not be grid-aligned.) Rotation
92.3%
Translation
3.8%
Reflection
0.9%
Glide Reflection
2.9%
Tutorial #2: A _____ is a flip over a line. Once again, this line may or may not be grid-aligned. Reflection
92.1%
Translation
3.6%
Rotation
1.2%
Glide Reflection
2.7%
#9 Reflection
87.5%
Translation
1.5%
Rotation
1.8%
Glide Reflection
1.7%
#6 Translation
86.4%
Rotation
0.8%
Reflection
4.1%
Glide Reflection
4.3%
#14 Reflection
85.2%
Translation
2.2%
Rotation
1.3%
Glide Reflection
1.1%
#15 (The last six questions involve a multicolored square.) Translation
81.9%
Rotation
1.6%
Reflection
3.5%
Glide Reflection
2.5%
Tutorial #3: A _____ is a slide; a move without turning or flipping the shape. Translation
80.3%
Rotation
0.7%
Reflection
0.7%
Glide Reflection
17.5%
#16 (Keep in mind that the square is also moving to a new place; the transformation isn't done 'on the spot'.) Reflection
77.6%
Translation
1.5%
Rotation
4.8%
Glide Reflection
5.5%
#8 Rotation
76%
Translation
2.1%
Reflection
2.4%
Glide Reflection
12.7%
#12 Rotation
75.6%
Translation
2.7%
Reflection
1%
Glide Reflection
11.5%
#18 Glide Reflection
71.3%
Translation
2%
Rotation
8.8%
Reflection
6.9%
#10 Glide Reflection
69.9%
Translation
3.1%
Rotation
17.7%
Reflection
1.4%
#17 Rotation
67.8%
Translation
1.5%
Reflection
2.2%
Glide Reflection
17.6%
#20 Glide Reflection
65.1%
Translation
5.3%
Rotation
11%
Reflection
7%
#19 Rotation
63.3%
Translation
3.7%
Reflection
5.4%
Glide Reflection
16.3%
#11 Reflection
62%
Translation
3.2%
Rotation
16.2%
Glide Reflection
10.2%
#5 Rotation
60.3%
Translation
4.4%
Reflection
17.9%
Glide Reflection
14.2%
#7 Glide Reflection
50.3%
Translation
1.4%
Rotation
33.4%
Reflection
9.7%
#13 Rotation
37.5%
Translation
15.3%
Reflection
5.8%
Glide Reflection
31.5%

You're not logged in!

Compare scores with friends on all Sporcle quizzes.
OR
Log In

Sporcle TV

Today on Sporcle TV


Watch our educational content, quiz creation guides, and fun videos on Sporcle TV.

Show Comments

Extras

Top Quizzes Today


Score Distribution

Your Account Isn't Verified!

In order to create a playlist on Sporcle, you need to verify the email address you used during registration. Go to your Sporcle Settings to finish the process.

Report this User

Report this user for behavior that violates our Community Guidelines.

Details: